Význam a metódy prognózovania finančnej situácie firmy

Finančná situácia firmy - stav, ktorý vypovedá o jej výkonnosti. Metódy prognózovania finančnej situácie firmy: 1. Metódy bodového hodnotenia (Tamariho rizikový index, rýchly test), 2. Matematicko-štatistické metódy (dichotomický klasifikačný test, Beaverova jednorozmerná diskriminačná analýza, viac...

Ausführliche Beschreibung

Gespeichert in:
Bibliographische Detailangaben
1. Verfasser: Zalai, Karol
Format: Buchkapitel
Sprache:Slowakisch
Schlagworte:
Tags: Tag hinzufügen
Keine Tags, Fügen Sie das erste Tag hinzu!

MARC

LEADER 00000naa a2200000 4500
001 r025870
005 20221130073315.8
041 0 |a slo 
044 |a SK 
245 1 0 |a Význam a metódy prognózovania finančnej situácie firmy  |c Karol Zalai 
520 |a Finančná situácia firmy - stav, ktorý vypovedá o jej výkonnosti. Metódy prognózovania finančnej situácie firmy: 1. Metódy bodového hodnotenia (Tamariho rizikový index, rýchly test), 2. Matematicko-štatistické metódy (dichotomický klasifikačný test, Beaverova jednorozmerná diskriminačná analýza, viacrozmerná diskriminačná analýza, Altmanova metodika, index bonity, Beermanova diskriminačná funkcia), 3. Metódy multikriteriálneho hodnotenia. 
610 2 0 |a analýza finančná 
610 2 0 |a situácia finančná podniku 
610 2 0 |a hospodárstvo podniku finančné 
610 2 0 |a firmy 
610 2 0 |a podnik 
610 2 0 |a výkonnosť 
610 2 0 |a metódy prognostické 
610 2 0 |a prognózovanie 
610 2 0 |a metódy matematicko-štatistické 
610 2 0 |a predvídanie 
100 1 |a Zalai, Karol